000 00478nam a22001817a 4500
003 CEME
005 20210628202731.0
008 210122b xxu||||| |||| 00| 0 eng d
020 _a81-203-2861-2
040 _cceme
082 _a511.322 GAN
100 _aGanesh, M
_961320
245 _aIntroduction to fuzzy sets and fuzzy logic
260 _aNEW DELHI
_bPRENTICE HALL INDIA
_c2206
300 _aXVII,235 P
650 _aFUZZY SETS. FUZZY LOGIC
_961321
942 _cBK
_2ddc
999 _c570812
_d570812